[Event "Sao Paulo Hebraica op 28th"]
[Site "Sao Paulo"]
[Date "2022.01.14"]
[Round "1"]
[White "Ferreira, Wagner Maria Gangin"]
[Black "Nunes, Agatha Hurba"]
[Result "0-1"]
[WhiteElo "1203"]
[BlackElo "1828"]
[PlyCount "48"]
[EventDate "2022.01.14"]
[EventType "swiss"]
[EventRounds "6"]
[EventCountry "BRA"]
[SourceTitle "CBM 206 Extra"]
[Source "ChessBase"]
[SourceDate "2022.03.31"]
[SourceVersion "1"]
[SourceVersionDate "2022.03.31"]
[SourceQuality "1"]

1. d4 d5 2. Bf4 Nf6 3. e3 e6 4. Nf3 Be7 5. Nbd2 0-0 6. Be2 b6 7. 0-0 Bb7 8. c4 c5 9. cxd5 Nxd5 10. Bg3 Nc6 11. a3 cxd4 12. exd4 Bf6 13. Ne4 Nce7 14. Nxf6+ Nxf6 15. Rc1 Nf5 16. Be5 Nd5 17. Bd3 f6 18. Bxf5 exf5 19. Bg3 f4 20. Bh4 g5 21. Qd3 Kh8 22. Rfe1 Rg8 23. Kf1 Rc8 24. Rxc8 Qxc8 0-1

[Event "Caxambu op"]
[Site "Caxambu"]
[Date "2020.03.07"]
[Round "3"]
[White "Lourenco dos Santos, Paulo Rogerio"]
[Black "Ferreira, Wagner Maria Gangin"]
[Result "1-0"]
[WhiteElo "1605"]
[BlackElo "1209"]
[PlyCount "81"]
[EventDate "2020.03.06"]
[EventType "swiss"]
[EventRounds "6"]
[EventCountry "BRA"]
[SourceTitle "CBM 195 Extra"]
[Source "ChessBase"]
[SourceDate "2020.05.31"]
[SourceVersion "1"]
[SourceVersionDate "2020.05.31"]
[SourceQuality "1"]

1. c4 c5 2. Nc3 Nc6 3. g3 g6 4. Bg2 Bg7 5. e3 e6 6. Nge2 Nf6 7. 0-0 0-0 8. b3 d5 9. cxd5 exd5 10. Ba3 b6 11. Rc1 Bg4 12. h3 Be6 13. d4 Nd7 14. Nxd5 Rc8 15. dxc5 Re8 16. cxb6 Nxb6 17. Nef4 Bf8 18. Bxf8 Rxf8 19. Nxe6 fxe6 20. Nf4 Qxd1 21. Rfxd1 Nb4 22. Rxc8 Rxc8 23. a3 e5 24. Nxg6 hxg6 25. axb4 Rc7 26. Bd5+ Kg7 27. e4 Kf6 28. b5 Ke7 29. Bc6 Ke6 30. Kg2 Nd7 31. Bxd7+ Rxd7 32. Rc1 Rd4 33. Kf3 Rb4 34. Rc6+ Kd7 35. Rxg6 Rxb5 36. Rg7+ Ke6 37. Rxa7 Rxb3+ 38. Kg4 Rb6 39. h4 Rb8 40. Ra6+ Kf7 41. Kf5 1-0

[Event "Sao Paulo op-C U1700 8th"]
[Site "Sao Paulo"]
[Date "2019.10.17"]
[Round "1"]
[White "Ferreira, Wagner Maria Gangin"]
[Black "Munhoz, Joao Pedro"]
[Result "0-1"]
[WhiteElo "1206"]
[BlackElo "1616"]
[PlyCount "58"]
[EventDate "2019.10.17"]
[EventType "swiss"]
[EventRounds "6"]
[EventCountry "BRA"]
[SourceTitle "CBM 192 Extra"]
[Source "Chessbase"]
[SourceDate "2019.11.06"]
[SourceVersion "1"]
[SourceVersionDate "2019.11.06"]
[SourceQuality "1"]

1. d4 Nf6 2. Nf3 g6 3. Bf4 Bg7 4. e3 d6 5. h3 c5 6. c3 cxd4 7. exd4 0-0 8. Bd3 a6 9. 0-0 b5 10. Re1 Bb7 11. Nbd2 Nbd7 12. Qb3 Rb8 13. a4 Bd5 14. Qc2 Qb6 15. a5 Qd8 16. b4 Re8 17. Rab1 Rc8 18. c4 bxc4 19. Bxc4 Bxc4 20. Nxc4 d5 21. Nfe5 Nxe5 22. Bxe5 Rxc4 23. Qb3 Nd7 24. Qb2 Nxe5 25. dxe5 Qc7 26. b5 Rb8 27. b6 Qc5 28. Qa2 Rc2 29. Rb2 Qxf2+ 0-1

[Event "Sao Paulo STD Gansl op"]
[Site "Sao Paulo"]
[Date "2019.05.25"]
[Round "4"]
[White "Haraguchi, Matheus Sashaki"]
[Black "Ferreira, Wagner Maria Gangin"]
[Result "1-0"]
[WhiteElo "1463"]
[BlackElo "1206"]
[PlyCount "85"]
[EventDate "2019.05.24"]
[EventType "swiss"]
[EventRounds "6"]
[EventCountry "BRA"]
[SourceTitle "CBM 190 Extra"]
[Source "ChessBase"]
[SourceDate "2019.07.15"]
[SourceVersion "1"]
[SourceVersionDate "2019.07.15"]
[SourceQuality "1"]

1. c4 c5 2. Nc3 Nc6 3. g3 g6 4. Bg2 d6 5. e4 Nd4 6. Nge2 Bg4 7. 0-0 Nf6 8. f3 Bd7 9. d3 Bg7 10. h3 0-0 11. Be3 Nxe2+ 12. Nxe2 Qc8 13. Kh2 e6 14. Rb1 d5 15. e5 Nh5 16. f4 f5 17. cxd5 exd5 18. Bxd5+ Be6 19. Bxe6+ Qxe6 20. Bxc5 Rfc8 21. Be3 Qxa2 22. g4 Nxf4 23. Bxf4 fxg4 24. hxg4 Qd5 25. d4 Rc6 26. Nc3 Qd8 27. Qd3 a6 28. Rf3 Qh4+ 29. Kg2 Qxg4+ 30. Bg3 h5 31. Rf4 Qe6 32. d5 Rd8 33. Rd4 Qf5 34. Qxf5 gxf5 35. dxc6 Rxd4 36. c7 Rc4 37. e6 h4 38. Bh2 f4 39. Bxf4 Bf6 40. Rd1 Kf8 41. Rd8+ Ke7 42. Nd5+ Kxe6 43. Nxf6 1-0

[Event "Sao Paulo STD Gansl op"]
[Site "Sao Paulo"]
[Date "2019.05.24"]
[Round "2"]
[White "Madaloso, Breno Affonso1111"]
[Black "Ferreira, Wagner Maria Gangin"]
[Result "1/2-1/2"]
[WhiteElo "1423"]
[BlackElo "1206"]
[PlyCount "85"]
[EventDate "2019.05.24"]
[EventType "swiss"]
[EventRounds "6"]
[EventCountry "BRA"]
[SourceTitle "CBM 190 Extra"]
[Source "ChessBase"]
[SourceDate "2019.07.15"]
[SourceVersion "1"]
[SourceVersionDate "2019.07.15"]
[SourceQuality "1"]

1. e4 c5 2. Nf3 d6 3. d4 cxd4 4. Nxd4 Nf6 5. Nc3 a6 6. f3 Nc6 7. Be3 e6 8. Qd2 Bd7 9. 0-0-0 Rc8 10. Be2 e5 11. Nb3 Be6 12. f4 Bxb3 13. axb3 Be7 14. g4 h6 15. g5 hxg5 16. fxg5 Nh5 17. Nd5 Qa5 18. Qxa5 Nxa5 19. Nxe7 Kxe7 20. Bg4 Rc6 21. Rd5 Nxb3+ 22. Kb1 Nd4 23. Bxd4 exd4 24. Rxd4 Nf4 25. e5 Ne6 26. exd6+ Rxd6 27. Rxd6 Kxd6 28. Rd1+ Kc7 29. h3 Nxg5 30. Rd7+ Kb8 31. b4 Nxh3 32. Rxf7 g5 33. Rg7 Rh4 34. Rg8+ Ka7 35. Bxh3 Rxh3 36. Rxg5 Rc3 37. Kb2 Rc6 38. Kb3 b5 39. Rc5 Kb6 40. Rxc6+ Kxc6 41. c4 bxc4+ 42. Kxc4 Kb6 43. Kb3 1/2-1/2

[Event "Pocos de Caldas op"]
[Site "Pocos de Caldas"]
[Date "2019.02.08"]
[Round "1"]
[White "Ferreira, Wagner Maria Gangin"]
[Black "Boabaid, Jorge Alberto Duard"]
[Result "0-1"]
[WhiteElo "1218"]
[BlackElo "1858"]
[PlyCount "80"]
[EventDate "2019.02.08"]
[EventType "swiss"]
[EventRounds "6"]
[EventCountry "BRA"]
[SourceTitle "CBM 188 Extra"]
[Source "ChessBase"]
[SourceDate "2019.02.26"]
[SourceVersion "1"]
[SourceVersionDate "2019.02.26"]
[SourceQuality "1"]

1. d4 Nf6 2. Bf4 d5 3. Nf3 e6 4. Nbd2 c5 5. e3 a6 6. Be2 Nc6 7. c3 Be7 8. h3 0-0 9. 0-0 b6 10. Ne5 Nxe5 11. Bxe5 Bd6 12. Nf3 Ne4 13. Qc2 c4 14. Nd2 f5 15. Nxe4 fxe4 16. Bg4 Bxe5 17. dxe5 Qg5 18. f4 exf3 19. Qf2 Bd7 20. Bxf3 Qxe5 21. Rad1 Bc6 22. Qh4 Rf6 23. e4 d4 24. cxd4 Qxd4+ 25. Rf2 Qe5 26. Rc2 b5 27. Qf2 Raf8 28. Rc3 Rf4 29. Qe3 Qg5 30. Bg4 Bxe4 31. Bxe6+ Kh8 32. Qg3 Qf6 33. Bg4 Bd3 34. Rcc1 b4 35. Rxd3 cxd3 36. Rc8 d2 37. Qd3 Rxc8 38. Qxd2 Rf1+ 39. Kh2 Rd8 40. Qxb4 Qe5+ 0-1

[Event "Pocos de Caldas op"]
[Site "Pocos de Caldas"]
[Date "2018.03.04"]
[Round "5"]
[White "Ferreira, Wagner Maria Gangin"]
[Black "Arango, Pedro Esteban"]
[Result "0-1"]
[WhiteElo "1200"]
[BlackElo "1596"]
[PlyCount "82"]
[EventDate "2018.03.02"]
[EventType "swiss"]
[EventRounds "6"]
[EventCountry "BRA"]
[SourceTitle "CBM 183 Extra"]
[Source "ChessBase"]
[SourceDate "2018.04.19"]
[SourceVersion "1"]
[SourceVersionDate "2018.04.19"]
[SourceQuality "1"]

1. d4 Nf6 2. Nf3 g6 3. Bf4 Bg7 4. Nbd2 0-0 5. e3 d6 6. Be2 Nh5 7. 0-0 Nxf4 8. exf4 c5 9. c3 cxd4 10. Nxd4 Nc6 11. Nxc6 bxc6 12. Bf3 Qc7 13. g3 Rb8 14. Qc2 Ba6 15. Rfe1 d5 16. Be2 Bxe2 17. Rxe2 Rb6 18. Rae1 e6 19. Nf3 c5 20. b3 Rc8 21. Kg2 a5 22. c4 d4 23. Ne5 Rd6 24. Nd3 Rcd8 25. a3 f6 26. b4 axb4 27. axb4 cxb4 28. Rxe6 Qc6+ 29. R6e4 f5 30. Nxb4 Qa8 31. c5 Rf6 32. c6 fxe4 33. Qxe4 Qa5 34. Rb1 Bf8 35. Nd3 Qd5 36. Qxd5+ Rxd5 37. Rc1 Rd8 38. h4 Re6 39. g4 Rc8 40. Ne5 Bg7 41. f5 Rxe5 0-1

[Event "Pocos de Caldas op"]
[Site "Pocos de Caldas"]
[Date "2018.03.02"]
[Round "2"]
[White "Coelho, Tatiane Cristina"]
[Black "Ferreira, Wagner Maria Gangin"]
[Result "1-0"]
[WhiteElo "1741"]
[BlackElo "1200"]
[PlyCount "99"]
[EventDate "2018.03.02"]
[EventType "swiss"]
[EventRounds "6"]
[EventCountry "BRA"]
[SourceTitle "CBM 183 Extra"]
[Source "ChessBase"]
[SourceDate "2018.04.19"]
[SourceVersion "1"]
[SourceVersionDate "2018.04.19"]
[SourceQuality "1"]

1. e4 c5 2. Nc3 Nc6 3. f4 d6 4. Nf3 Nf6 5. Bb5 Bd7 6. 0-0 a6 7. Bxc6 Bxc6 8. Qe1 g6 9. d3 Bg7 10. f5 Qb6 11. Rb1 0-0-0 12. a3 Nd7 13. fxg6 hxg6 14. Ng5 Ne5 15. Bf4 f6 16. Bxe5 dxe5 17. Nf7 c4+ 18. Qf2 Qxf2+ 19. Rxf2 cxd3 20. Nxh8 Bxh8 21. Rd1 dxc2 22. Rxd8+ Kxd8 23. Rxc2 e6 24. Kf2 f5 25. Re2 Ke7 26. h3 Kf6 27. Kf3 Bg7 28. Rd2 Bh6 29. Re2 Bf8 30. g4 f4 31. h4 g5 32. hxg5+ Kxg5 33. Rh2 Bh6 34. Rh5+ Kg6 35. Rxe5 Bd7 36. Ne2 Kf6 37. Rh5 Bg7 38. Kxf4 Kg6 39. e5 Bh6+ 40. Kg3 Bg5 41. Nf4+ Bxf4+ 42. Kxf4 Ba4 43. Rh8 Kg7 44. Rb8 Bc6 45. Rc8 Kg6 46. Rc7 Bd5 47. Re7 Kh6 48. Rf7 Kg6 49. Rf6+ Kg7 50. Kg5 1-0

[Event "BRA-ch Amateur U1600"]
[Site "Sao Paulo"]
[Date "2017.10.14"]
[Round "5"]
[White "De Amorim, Walter Rymundo"]
[Black "Ferreira, Wagner Maria Gangin"]
[Result "1-0"]
[WhiteElo "1446"]
[BlackElo "1172"]
[PlyCount "57"]
[EventDate "2017.10.12"]
[EventType "swiss"]
[EventRounds "7"]
[EventCountry "BRA"]
[SourceTitle "EXT 2022"]
[Source "ChessBase"]
[SourceDate "2021.10.06"]
[SourceVersion "1"]
[SourceVersionDate "2021.10.06"]
[SourceQuality "1"]

1. c4 c5 2. Nc3 Nf6 3. d3 Nc6 4. Nf3 e6 5. Bg5 Be7 6. g3 h6 7. Bd2 0-0 8. Bg2 a6 9. 0-0 Rb8 10. a4 Re8 11. b3 d6 12. Rb1 Nd4 13. e3 Nxf3+ 14. Bxf3 Bd7 15. Ne2 Qc7 16. Bc3 Bc6 17. e4 e5 18. Bg2 Bd7 19. Bd2 Qc8 20. Qc1 Nh7 21. f4 exf4 22. Nxf4 Bg5 23. Nd5 Bh3 24. Qd1 Bxg2 25. Kxg2 Bxd2 26. Qxd2 Ng5 27. Rf5 Re5 28. Rxe5 dxe5 29. Ne7+ 1-0